The best college admission essays / (Record no. 1971)

MARC details
000 -LEADER
fixed length control field 00548nam a2200193Ia 4500
003 - CONTROL NUMBER IDENTIFIER
control field OSt
005 - DATE AND TIME OF LATEST TRANSACTION
control field 20231101134259.0
008 - FIXED-LENGTH DATA ELEMENTS--GENERAL INFORMATION
fixed length control field 230312s9999||||xx |||||||||||||| ||und||
020 ## - INTERNATIONAL STANDARD BOOK NUMBER
International Standard Book Number 0028616901
040 ## - CATALOGING SOURCE
Transcribing agency abc
082 ## - DEWEY DECIMAL CLASSIFICATION NUMBER
Classification number 808.066378
Item number STE
100 ## - MAIN ENTRY--PERSONAL NAME
Personal name Stewart, Mark Alan
245 #0 - TITLE STATEMENT
Title The best college admission essays /
Statement of responsibility, etc. Mark Alan Stewart, Cynthia C.Muchnick
260 ## - PUBLICATION, DISTRIBUTION, ETC.
Name of publisher, distributor, etc. Macmillan
Place of publication, distribution, etc. USA
Date of publication, distribution, etc. 1997
300 ## - PHYSICAL DESCRIPTION
Extent 144 p.
546 ## - LANGUAGE NOTE
Language note Eng.
650 ## - SUBJECT ADDED ENTRY--TOPICAL TERM
Topical term or geographic name entry element Management
Form subdivision Insights on essays , Great essays, advise from the experts
942 ## - ADDED ENTRY ELEMENTS (KOHA)
Koha item type BOOK
Source of classification or shelving scheme Dewey Decimal Classification
Holdings
Withdrawn status Lost status Source of classification or shelving scheme Damaged status Not for loan Collection Home library Current library Date acquired Total Checkouts Full call number Barcode Date last seen Date last checked out Price effective from Koha item type
    Dewey Decimal Classification     Science Superior Information Resource Center (SIRC) Superior University- Main Campus Superior Information Resource Center (SIRC) Superior University- Main Campus 03/13/2023 1 371.422 STE-B 1997 1981 09/13/2023 08/17/2023 03/13/2023 BOOK

Powered by Koha